00656nam a2200205 a 450000100080000000500110000800800410001910000190006024500850007926001270016465000130029165000160030465300160032065300150033665300170035170000200036870000200038870000200040870000220042816952552012-04-18 2008 bl uuuu u00u1 u #d1 aIVANOFF, M. E. aAvaliação de cultivares de girassol submetidas ao parcelamento de nitrogênio. aIn: ENCONTRO DE PESQUISA E INICIAÇÃO CIENTÍFICA, 7, 2008, Boa Vista, Roraima. Anais.... Boa Vista, Roraima : UFRRc2008 aGirassol aNitrogênio aAvaliação aCultivares aParcelamento1 aUCHOA, S. C. P.1 aALVES, J. M. A.1 aSMIDERLE, O. J.1 aANDRADE, J. K. C.